000 00274nam a22001337a 4500
008 170824b xxu||||| |||| 00| 0 eng d
020 _a0521274222
041 _aeng
080 _a51
100 _a38
101 _aMAT
245 _aSOLITONS
_cDRAZIN,P.G
942 _2udc
_cBK
999 _c24761
_d24761